|
|
|
|
| LEADER |
00000cam a22000005a 4500 |
| 001 |
vtls010287395 |
| 003 |
SK-MaSNL |
| 005 |
20260301031846.0 |
| 008 |
251124s2011 xo 000 0 slo |
| 015 |
|
|
|a SNBA2011/08-04517
|
| 020 |
|
|
|a 9788071603009
|q (brož.)
|
| 035 |
|
|
|a 5891065C-3DA6-4672-B1CD-9E24D0C29586
|
| 035 |
|
|
|a urn:nbn:sk:snk-amji5v
|
| 035 |
|
|
|a urn:nbn:sk:snk-am001ym3
|
| 040 |
|
|
|a SNK
|b slo
|c SNK
|e AACR2
|
| 041 |
0 |
|
|a slo
|
| 043 |
|
|
|a e------
|
| 044 |
|
|
|a xo
|c SK
|
| 072 |
|
7 |
|a 342
|x Ústavne právo. Správne právo
|2 konspekt
|
| 080 |
|
|
|a 342.9
|2 2001
|
| 080 |
|
|
|a 35
|2 2001
|
| 080 |
|
|
|a (048.8)
|2 2001
|
| 080 |
|
|
|a 351.95
|2 2001
|
| 080 |
|
|
|a (4)
|2 2001
|
| 100 |
1 |
|
|a Pekár, Bernard,
|d 1977-
|4 aut
|9 209571
|
| 245 |
1 |
0 |
|a Kontrola vo verejnej správe v kontexte európskeho správneho práva
|c Bernard Pekár
|
| 250 |
|
|
|a 1. vyd.
|
| 260 |
|
|
|a Bratislava
|b Univerzita Komenského, Právnická fakulta
|c 2011
|
| 300 |
|
|
|a 193 s.
|c 23 cm
|
| 490 |
1 |
|
|a Studia Iuridica Bratislavensia
|v nr. 33
|
| 504 |
|
|
|a Bibliogr. s. 191-193. Pozn. Zoz. skrat. a zaužívaných názvov
|
| 650 |
0 |
7 |
|a správne právo
|2 SNKPH
|9 2266
|
| 650 |
0 |
7 |
|a verejná správa
|2 SNKPH
|9 1538
|
| 650 |
0 |
7 |
|a správne súdnictvo
|2 SNKPH
|9 69719
|
| 650 |
0 |
7 |
|a Administrative law
|2 SNKPHeng
|9 275866
|
| 650 |
0 |
7 |
|a Public administration
|2 SNKPHeng
|9 266247
|
| 650 |
0 |
7 |
|a Judicial review of administrative acts
|2 SNKPHeng
|9 328088
|
| 651 |
|
7 |
|a Európa
|2 SNKPH
|9 167569
|
| 651 |
|
7 |
|a Europe
|2 SNKPHeng
|9 56249
|
| 655 |
|
7 |
|a monografie
|2 SNKPH
|9 70139
|
| 655 |
|
7 |
|a Monographs
|2 SNKPHeng
|9 120675
|
| 810 |
2 |
|
|a Univerzita Komenského v Bratislave.
|b Právnická fakulta
|t Studia Iuridica Bratislavenia
|9 328089
|
| 830 |
|
0 |
|a Studia Iuridica Bratislavensia
|9 298145
|
| 919 |
|
|
|a 978-80-7160-300-9
|
| 958 |
|
|
|a NB
|
| 968 |
|
|
|d 34
|
| 999 |
|
|
|c 577433
|d 579363
|
| 952 |
|
|
|a SNK
|b SNK
|y PREZ
|7 0
|p 17A0705283
|o snkSC 145889
|i snk2011/14128
|8 0
|0 0
|1 0
|4 0
|d 2011-06-21
|l 0
|r 2025-07-15 00:00:00
|w 2026-02-23
|
| 952 |
|
|
|a SNK
|b SNK
|y VYP
|7 0
|p 17A0705284
|o snkSC 145889 D1
|i snk2011/14129
|8 0
|0 0
|1 0
|4 0
|d 2011-06-21
|f 1
|l 0
|r 2026-02-23 14:38:14
|w 2026-02-23
|
| 952 |
|
|
|t snkPEK 342.9
|a SNKUST
|b SNKUST
|y PREZ
|7 0
|p 17A0717705
|o snkSC 145889 D2
|i snk2011/18946
|8 0
|0 0
|1 0
|4 0
|d 2011-09-13
|l 0
|r 2025-05-28 00:00:00
|w 2026-02-23
|